000 00319nam a22001217a 4500
082 _a940.53
_bCHU
100 _aChurchill, Winston S.
245 _aThe Second World War /
_cWinston S. Churchill
260 _aLondon :
_bThe Educational Book Company Ltd,
_cN.A.
300 _aVolumes
563 _aHB.
942 _2ddc
_cBK
999 _c616271
_d616271